007160000a22002050004500003001100000005001700011008004100028040003900069041000800108082001800116110004500134245011900179250001600298260004700314300002700361490002800388650001900416653002900435700004600464LK-CoMWRAF20231222103248.0230817t1980 ||||| |||| 00| 0 eng d aLK-CoMWRAFdLK-CoMWRAFeLK-CoMWRAF aeng a348.5493bSRI aSri Lanka, Democratic Socialist Republic aLegislative enactments of the democratic socialist republic of Sri Lanka in force on the 31st day of December 1980 aRevised ed. a[Colombo]; b[Dept. of Govt. Print.]c1980 a298 p.bIndex included aVol. vIV chapter 68-98 aLAW-Sri Lanka  a Civil law and procedure aDeheragoda, E. R. K. D. M. Hector ecomp.